KOHA-Header-6

Education and Physical Education (Record no. 9936)

000 -LEADER
fixed length control field 00267nam a2200109Ia 4500
100 ## - MAIN ENTRY--AUTHOR NAME
Personal name Shamshad Ahmed
245 #0 - TITLE STATEMENT
Title Education and Physical Education
260 ## - PUBLICATION, DISTRIBUTION, ETC. (IMPRINT)
Place of publication New Delhi
Name of publisher Dorling
Year of publication 2007
300 ## - PHYSICAL DESCRIPTION
Number of Pages 251
942 ## - ADDED ENTRY ELEMENTS (KOHA)
Koha item type Books
Holdings
Withdrawn status Lost status Collection code Permanent Location Current Location Shelving location Date acquired Full call number Accession Number Koha item type
    English Literature MAJU MAJU Shelf No.A14 2019-09-14 658.81 5981 English Literature

Powered by Koha